I am a Nuba / (Record no. 5161)
[ view plain ]
| 000 -LEADER | |
|---|---|
| fixed length control field | 01243cam a2200337 a 4500 |
| 001 - CONTROL NUMBER | |
| control field | 14708681 |
| 005 - DATE AND TIME OF LATEST TRANSACTION | |
| control field | 20170529084405.0 |
| 008 - FIXED-LENGTH DATA ELEMENTS--GENERAL INFORMATION | |
| fixed length control field | 070124s2006 ke b b 000 0 eng |
| 010 ## - LIBRARY OF CONGRESS CONTROL NUMBER | |
| LC control number | 2006317399 |
| 020 ## - INTERNATIONAL STANDARD BOOK NUMBER | |
| International Standard Book Number | 9966081798 |
| 040 ## - CATALOGING SOURCE | |
| Original cataloging agency | DLC |
| Transcribing agency | DLC |
| Modifying agency | DLC |
| 041 1# - LANGUAGE CODE | |
| Language code of text/sound track or separate title | eng |
| Language code of original and/or intermediate translations of text | ita |
| 042 ## - AUTHENTICATION CODE | |
| Authentication code | lcode |
| 043 ## - GEOGRAPHIC AREA CODE | |
| Geographic area code | f-sj--- |
| 050 00 - LIBRARY OF CONGRESS CALL NUMBER | |
| Classification number | DT155.2.N82 |
| Item number | S4713 2006 |
| 100 1# - MAIN ENTRY--PERSONAL NAME | |
| Personal name | Sesana, Renato Kizito. |
| 9 (RLIN) | 27914 |
| 240 10 - UNIFORM TITLE | |
| Uniform title | <a href="Io sono un nuba.">Io sono un nuba.</a> |
| Language of a work | English |
| 245 10 - TITLE STATEMENT | |
| Title | I am a Nuba / |
| Statement of responsibility, etc | Renato Kizito Sesana ; [translated by Silvano Borruso]. |
| 260 ## - PUBLICATION, DISTRIBUTION, ETC. (IMPRINT) | |
| Place of publication, distribution, etc | Nairobi : |
| Name of publisher, distributor, etc | Paulines Publications Africa, |
| Date of publication, distribution, etc | 2006. |
| 300 ## - PHYSICAL DESCRIPTION | |
| Extent | 184 p. : |
| Other physical details | maps ; |
| Dimensions | 21 cm. |
| 490 0# - SERIES STATEMENT | |
| Series statement | Faith in Sudan series ; |
| Volume number/sequential designation | no. 16 |
| 504 ## - BIBLIOGRAPHY, ETC. NOTE | |
| Bibliography, etc | Includes bibliographical references (p. 181-184). |
| 650 #0 - SUBJECT ADDED ENTRY--TOPICAL TERM | |
| Topical term or geographic name as entry element | Nuba (African people) |
| General subdivision | Social conditions. |
| 9 (RLIN) | 31123 |
| 650 #0 - SUBJECT ADDED ENTRY--TOPICAL TERM | |
| Topical term or geographic name as entry element | Nuba (African people) |
| General subdivision | Missions. |
| 9 (RLIN) | 31124 |
| 650 #0 - SUBJECT ADDED ENTRY--TOPICAL TERM | |
| Topical term or geographic name as entry element | Nuba (African people) |
| General subdivision | Government relations. |
| 9 (RLIN) | 31125 |
| 700 1# - ADDED ENTRY--PERSONAL NAME | |
| Personal name | Borruso, Silvano. |
| 9 (RLIN) | 30708 |
| 856 41 - ELECTRONIC LOCATION AND ACCESS | |
| Materials specified | Table of contents only |
| Uniform Resource Identifier | <a href="http://www.loc.gov/catdir/toc/fy0707/2006317399.html">http://www.loc.gov/catdir/toc/fy0707/2006317399.html</a> |
| 906 ## - LOCAL DATA ELEMENT F, LDF (RLIN) | |
| a | 7 |
| b | cbc |
| c | origode |
| d | 3 |
| e | ncip |
| f | 20 |
| g | y-gencatlg |
| 942 ## - ADDED ENTRY ELEMENTS (KOHA) | |
| Source of classification or shelving scheme | Library of Congress Classification |
| Item type | Monograph ( Printed materials) |
| Withdrawn status | Lost status | Source of classification or shelving scheme | Damaged status | Not for loan | Collection code | Home library | Current library | Shelving location | Date acquired | Total Checkouts | Full call number | Barcode | Date last seen | Date last borrowed | Copy number | Price effective from | Koha item type |
|---|---|---|---|---|---|---|---|---|---|---|---|---|---|---|---|---|---|
| Library of Congress Classification | Main Collection | ARRUPE LIBRARY | ARRUPE LIBRARY | 27/02/2013 | 3 | DT155.2.N82S4713 | 46406689 | 07/05/2019 | 23/04/2019 | 1 | 27/02/2013 | Monograph ( Printed materials) |